[Event "Mecklenburg VP VL 1718"]
[Site "Mecklenburg VP"]
[Date "2017.10.08"]
[Round "1.6"]
[White "Fromm, Marius"]
[Black "Ebert, Lutz"]
[Result "1-0"]
[WhiteElo "1787"]
[BlackElo "1723"]
[PlyCount "45"]
[EventDate "2017.10.08"]
[EventType "team-tourn"]
[EventRounds "9"]
[EventCountry "GER"]
[SourceTitle "EXT 2022"]
[Source "ChessBase"]
[SourceDate "2021.10.06"]
[SourceVersion "1"]
[SourceVersionDate "2021.10.06"]
[SourceQuality "1"]
[WhiteTeam "Greifswald II"]
[BlackTeam "Guestrow/Teterow"]
[WhiteTeamCountry "GER"]
[BlackTeamCountry "GER"]

1. Nf3 d5 2. c4 d4 3. b4 g6 4. d3 Bg7 5. g3 c5 6. Bg2 Nc6 7. bxc5 Qa5+ 8. Nbd2 Qxc5 9. 0-0 Bf5 10. Qa4 Qd6 11. Ba3 Qd7 12. Rab1 Rb8 13. Nh4 Qc7 14. Nxf5 gxf5 15. Bxc6+ bxc6 16. Rxb8+ Qxb8 17. Qxc6+ Kd8 18. Rb1 Qc8 19. Qd5+ Ke8 20. Qb5+ Kd8 21. Qa5+ Qc7 22. Rb8+ Kd7 23. Qd5+ 1-0

[Event "Mecklenburg VP LL2 Ost 1011"]
[Site "Mecklenburg VP"]
[Date "2011.01.23"]
[Round "6.6"]
[White "Sack, Reinhard"]
[Black "Ebert, Lutz"]
[Result "0-1"]
[WhiteElo "1468"]
[BlackElo "1769"]
[PlyCount "76"]
[EventDate "2010.10.10"]
[EventType "team-tourn"]
[EventRounds "9"]
[EventCountry "GER"]
[SourceTitle "EXT 2022"]
[Source "ChessBase"]
[SourceDate "2021.10.06"]
[SourceVersion "1"]
[SourceVersionDate "2021.10.06"]
[SourceQuality "1"]
[WhiteTeam "Warnemuende SF Ostsee II"]
[BlackTeam "Guestrow/Teterow"]
[WhiteTeamCountry "GER"]
[BlackTeamCountry "GER"]

1. d4 c5 2. dxc5 Qa5+ 3. Nc3 Nf6 4. Bd2 Qxc5 5. Nf3 e6 6. e3 d5 7. a3 a6 8. Na4 Qc7 9. b4 Ne4 10. Rc1 b5 11. Nb2 Nc3 12. Bxc3 Qxc3+ 13. Qd2 Qxb2 14. Be2 Qf6 15. 0-0 Bd7 16. h4 Nc6 17. g4 Ne5 18. Nxe5 Qxe5 19. f4 Qc7 20. Qd4 Qa7 21. Qd3 g6 22. Kg2 Bg7 23. h5 Rc8 24. hxg6 hxg6 25. c3 Ke7 26. f5 gxf5 27. gxf5 Qc7 28. Rh1 Rxh1 29. Rxh1 Qxc3 30. Qd1 Qxe3 31. fxe6 Bxe6 32. Rh5 Rc3 33. Bf3 Bd4 34. Qf1 Rc2+ 35. Kh1 Rc1 36. Bd1 Bg4 37. Qg2 Rxd1+ 38. Kh2 Rd2 0-1

[Event "Mecklenburg VP LL2 Ost 1011"]
[Site "Mecklenburg VP"]
[Date "2011.01.16"]
[Round "5.6"]
[White "Ebert, Lutz"]
[Black "Zapnik, Gordon"]
[Result "1-0"]
[WhiteElo "1769"]
[BlackElo "1656"]
[PlyCount "33"]
[EventDate "2010.10.10"]
[EventType "team-tourn"]
[EventRounds "9"]
[EventCountry "GER"]
[SourceTitle "EXT 2022"]
[Source "ChessBase"]
[SourceDate "2021.10.06"]
[SourceVersion "1"]
[SourceVersionDate "2021.10.06"]
[SourceQuality "1"]
[WhiteTeam "Guestrow/Teterow"]
[BlackTeam "Waterkant Saal SV"]
[WhiteTeamCountry "GER"]
[BlackTeamCountry "GER"]

1. Nf3 d5 2. b4 Nf6 3. Bb2 Bg4 4. e3 Nbd7 5. Be2 c6 6. a4 e5 7. b5 e4 8. Ne5 Bxe2 9. Qxe2 Nxe5 10. Bxe5 c5 11. c4 dxc4 12. Qxc4 Bd6 13. Bxf6 Qxf6 14. Nc3 0-0 15. 0-0 Rfe8 16. Nxe4 Qh4 17. Nxd6 1-0

[Event "Mecklenburg VP LL2 Ost 0809"]
[Site "Mecklenburg VP"]
[Date "2009.03.29"]
[Round "9.6"]
[White "Ebert, Lutz"]
[Black "Schellner, Ulf"]
[Result "1/2-1/2"]
[WhiteElo "1745"]
[BlackElo "1560"]
[PlyCount "103"]
[EventDate "2008.09.28"]
[EventType "team-tourn"]
[EventRounds "9"]
[EventCountry "GER"]
[SourceTitle "EXT 2022"]
[Source "ChessBase"]
[SourceDate "2021.10.06"]
[SourceVersion "1"]
[SourceVersionDate "2021.10.06"]
[SourceQuality "1"]
[WhiteTeam "Guestrow/Teterow"]
[BlackTeam "Wolgast Motor"]
[WhiteTeamCountry "GER"]
[BlackTeamCountry "GER"]

1. Nf3 d5 2. b4 e6 3. Bb2 Nf6 4. b5 Bd6 5. e3 0-0 6. Be2 Qe7 7. d4 a6 8. a4 axb5 9. axb5 Rxa1 10. Bxa1 Nbd7 11. 0-0 c6 12. c4 dxc4 13. bxc6 bxc6 14. Bxc4 Nb6 15. Be2 Qc7 16. Nbd2 Rd8 17. Qb3 Nfd5 18. Rc1 Bb7 19. Ne4 Bf8 20. Bb2 Nd7 21. Ra1 Qb6 22. Qxb6 N5xb6 23. Ra7 Rb8 24. h3 c5 25. Nxc5 Nxc5 26. dxc5 Bxc5 27. Be5 Bxf3 28. Bxf3 Rd8 29. Rb7 Nd5 30. Rb5 Be7 31. Rb7 Bc5 32. Kf1 h6 33. Rb5 Be7 34. Bxd5 Rxd5 35. Rxd5 exd5 36. Bd4 f5 37. g4 fxg4 38. hxg4 g6 39. Kg2 Kf7 40. f4 Ke6 41. Kf3 h5 42. Kg3 Bd8 43. Kh3 Be7 44. f5+ Kf7 45. Kg3 Bg5 46. gxh5 gxf5 47. Kf3 Kg8 48. Bc5 Kg7 49. Ke2 Kh6 50. Kd3 Kxh5 51. Kd4 Bxe3+ 52. Kxe3 1/2-1/2

[Event "Mecklenburg VP LL2 Ost 0809"]
[Site "Mecklenburg VP"]
[Date "2009.03.15"]
[Round "8.6"]
[White "Stoevesand, Peter"]
[Black "Ebert, Lutz"]
[Result "1/2-1/2"]
[WhiteElo "1449"]
[BlackElo "1745"]
[PlyCount "80"]
[EventDate "2008.09.28"]
[EventType "team-tourn"]
[EventRounds "9"]
[EventCountry "GER"]
[SourceTitle "EXT 2022"]
[Source "ChessBase"]
[SourceDate "2021.10.06"]
[SourceVersion "1"]
[SourceVersionDate "2021.10.06"]
[SourceQuality "1"]
[WhiteTeam "Neubrandenburg SG Eintracht II"]
[BlackTeam "Guestrow/Teterow"]
[WhiteTeamCountry "GER"]
[BlackTeamCountry "GER"]

1. e4 e5 2. Nf3 d6 3. d4 exd4 4. Nxd4 Nf6 5. Nc3 a6 6. Be2 Be7 7. 0-0 0-0 8. Bf4 Nbd7 9. Re1 Ne5 10. Nf3 Ng6 11. Bg3 Bd7 12. Bc4 b5 13. Bb3 Bg4 14. h3 Bxf3 15. Qxf3 Ne5 16. Qe3 c5 17. Bxe5 dxe5 18. Bd5 Rb8 19. Rad1 Qb6 20. Qg3 Qc7 21. Re3 c4 22. Rf3 b4 23. Ne2 Rfd8 24. Rf5 Nxe4 25. Qxe5 Nd6 26. Rf3 Bf6 27. Qg3 Bxb2 28. Rb1 c3 29. Nd4 Nb5 30. Nf5 Qxg3 31. Rxg3 g6 32. Re1 Kh8 33. Ne7 Nd4 34. Be4 Re8 35. Bd3 Bc1 36. Nxg6+ hxg6 37. Rxc1 Ne2+ 38. Bxe2 Rxe2 39. Rg4 a5 40. Rg5 Ra8 1/2-1/2

[Event "Mecklenburg VP LL2 Ost 0708"]
[Site "Mecklenburg VP"]
[Date "2008.04.06"]
[Round "8.4"]
[White "Ebert, Lutz"]
[Black "Romoth, Lars"]
[Result "1/2-1/2"]
[WhiteElo "1768"]
[BlackElo "1711"]
[PlyCount "79"]
[EventDate "2007.10.21"]
[EventType "team-tourn"]
[EventRounds "9"]
[EventCountry "GER"]
[SourceTitle "EXT 2016"]
[Source "ChessBase"]
[SourceDate "2015.10.08"]
[SourceVersion "1"]
[SourceVersionDate "2015.10.08"]
[SourceQuality "1"]
[WhiteTeam "Guestrow/Teterow"]
[BlackTeam "Gryps SV"]
[WhiteTeamCountry "GER"]
[BlackTeamCountry "GER"]

1. Nf3 d5 2. b4 Nf6 3. Bb2 e6 4. b5 c6 5. a4 Bd6 6. e3 Nbd7 7. d4 0-0 8. Be2 Re8 9. 0-0 e5 10. dxe5 Nxe5 11. Nbd2 Qe7 12. c4 Be6 13. Nxe5 Bf5 14. Ndf3 Bg4 15. bxc6 Bxf3 16. Nxf3 bxc6 17. Bxf6 Qxf6 18. cxd5 Rad8 19. g3 Bc5 20. Qc2 Rxd5 21. Rad1 Bb6 22. Rxd5 cxd5 23. Rd1 Rd8 24. Nd4 Kh8 25. Qf5 Bxd4 26. Qxf6 Bxf6 27. a5 g5 28. Rc1 d4 29. exd4 Bxd4 30. Rc7 Kg7 31. Bc4 Rf8 32. Rd7 Bc5 33. Kg2 h6 34. f3 Kg6 35. Bd3+ Kg7 36. Rc7 Bd4 37. g4 Rb8 38. a6 Rb2+ 39. Rc2 Rxc2+ 40. Bxc2 1/2-1/2

[Event "Mecklenburg VP LL1 0607"]
[Site "Mecklenburg VP"]
[Date "2006.12.10"]
[Round "4.4"]
[White "Ebert, Lutz"]
[Black "Modrow, Hartmut"]
[Result "1/2-1/2"]
[WhiteElo "1769"]
[BlackElo "1700"]
[PlyCount "77"]
[EventDate "2006.10.15"]
[EventType "team"]
[EventRounds "9"]
[EventCountry "GER"]
[SourceTitle "EXT 2008"]
[Source "ChessBase"]
[SourceDate "2007.11.25"]
[SourceVersion "1"]
[SourceVersionDate "2007.11.25"]
[SourceQuality "1"]
[WhiteTeam "Guestrow/Teterow"]
[BlackTeam "Rostock PSV III"]
[WhiteTeamCountry "GER"]
[BlackTeamCountry "GER"]

1. Nf3 e6 2. e4 d5 3. exd5 exd5 4. d4 Nf6 5. Bg5 Be7 6. Be2 h6 7. Bh4 Bf5 8. 0-0 0-0 9. Nbd2 Nbd7 10. a4 Re8 11. Re1 Ne4 12. Bxe7 Rxe7 13. Bd3 Nd6 14. Bxf5 Nxf5 15. c3 Rxe1+ 16. Qxe1 Qf6 17. Qe2 Qe6 18. Qb5 Nd6 19. Qd3 Re8 20. Re1 Qf6 21. Rxe8+ Nxe8 22. Qb5 Qc6 23. Qxc6 bxc6 24. a5 f6 25. b4 Nd6 26. Kf1 Kf7 27. Ke2 Nf8 28. Ne1 Ne6 29. Nd3 Nb5 30. Nb1 Ke7 31. f3 g6 32. Ke3 Kf7 33. Nf4 Nxf4 34. Kxf4 Ke6 35. Ke3 h5 36. Kd3 Nd6 37. Nd2 Kf5 38. g3 g5 39. Nf1 1/2-1/2

[Event "Mecklenburg VP LL1 0607"]
[Site "Mecklenburg VP"]
[Date "2006.10.15"]
[Round "1.4"]
[White "Reinke, Thomas"]
[Black "Ebert, Lutz"]
[Result "1/2-1/2"]
[WhiteElo "1842"]
[BlackElo "1769"]
[PlyCount "39"]
[EventDate "2006.10.15"]
[EventType "team"]
[EventRounds "9"]
[EventCountry "GER"]
[SourceTitle "EXT 2008"]
[Source "ChessBase"]
[SourceDate "2007.11.25"]
[SourceVersion "1"]
[SourceVersionDate "2007.11.25"]
[SourceQuality "1"]
[WhiteTeam "Wolgast Motor"]
[BlackTeam "Guestrow/Teterow"]
[WhiteTeamCountry "GER"]
[BlackTeamCountry "GER"]

1. e4 e5 2. Nf3 d6 3. d4 exd4 4. Nxd4 Nf6 5. Nc3 a6 6. h3 Be7 7. Bd3 0-0 8. 0-0 b5 9. b3 c5 10. Nf3 Bb7 11. Bb2 b4 12. Nd5 Nxd5 13. exd5 Bf6 14. Bxf6 Qxf6 15. Re1 Nd7 16. Nh2 Ne5 17. Ng4 Nxg4 18. Qxg4 Bxd5 19. Bxh7+ Kxh7 20. Qh5+ 1/2-1/2

[Event "Mecklenburg VP LL2 0506"]
[Site "Mecklenburg VP"]
[Date "2006.02.19"]
[Round "7.6"]
[White "Sack, Reinhard"]
[Black "Ebert, Lutz"]
[Result "0-1"]
[WhiteElo "1633"]
[BlackElo "1780"]
[PlyCount "152"]
[EventDate "2005.10.23"]
[EventType "team"]
[EventRounds "9"]
[EventCountry "GER"]
[SourceTitle "EXT 2009"]
[Source "ChessBase"]
[SourceDate "2008.11.26"]
[SourceVersion "1"]
[SourceVersionDate "2008.11.26"]
[SourceQuality "1"]
[WhiteTeam "Warnemuende SF Ostsee II"]
[BlackTeam "Guestrow/Teterow"]
[WhiteTeamCountry "GER"]
[BlackTeamCountry "GER"]

1. d4 c5 2. Nf3 Nf6 3. Nc3 e6 4. e4 cxd4 5. Nxd4 Nc6 6. Bb5 Bb4 7. Nxc6 Bxc3+ 8. bxc3 bxc6 9. Bd3 h6 10. 0-0 0-0 11. c4 e5 12. f4 d6 13. fxe5 dxe5 14. Be3 Qe7 15. h3 Rd8 16. Qf3 Nh7 17. Qg3 Kh8 18. Qf2 f6 19. Bc5 Qf7 20. Rad1 Ng5 21. Qe2 Qg6 22. Kh2 Ne6 23. Be3 Nd4 24. Qe1 a5 25. a4 f5 26. Bxd4 exd4 27. exf5 Qd6+ 28. Qg3 Qf6 29. Rde1 Bd7 30. Qc7 h5 31. c5 h4 32. Qf4 Rf8 33. Re5 Rae8 34. Rxe8 Rxe8 35. Qd2 Qe5+ 36. Qf4 Qf6 37. Qc7 Qe5+ 38. Qxe5 Rxe5 39. f6 gxf6 40. Rxf6 Rxc5 41. Rh6+ Kg8 42. Rxh4 Kf8 43. Rxd4 Ke7 44. g4 Rg5 45. Kg3 c5 46. Rc4 Kd6 47. h4 Re5 48. Kf4 Be6 49. Rc3 Rd5 50. Be4 Rd4 51. Rd3 Bd7 52. g5 Bxa4 53. g6 Ke7 54. Rc3 Bc6 55. Re3 a4 56. Rg3 Rxe4+ 57. Kf5 Rxh4 58. g7 Bd5 59. g8Q Bxg8 60. Rxg8 Kd6 61. Rd8+ Kc6 62. Ke5 Rc4 63. Ra8 Kb5 64. Rb8+ Ka5 65. Ra8+ Kb4 66. Rb8+ Kc3 67. Kd5 Rb4 68. Ra8 Kxc2 69. Kxc5 Kb3 70. Rh8 a3 71. Rh3+ Ka4 72. Rh8 Rb5+ 73. Kc4 a2 74. Rh1 Rb4+ 75. Kc3 Rb1 76. Rh4+ Kb5 0-1

[Event "Mecklenburg VP LL2 0506"]
[Site "Mecklenburg VP"]
[Date "2006.01.15"]
[Round "5.6"]
[White "Raitza, Egon"]
[Black "Ebert, Lutz"]
[Result "0-1"]
[WhiteElo "1676"]
[BlackElo "1780"]
[PlyCount "96"]
[EventDate "2005.10.23"]
[EventType "team"]
[EventRounds "9"]
[EventCountry "GER"]
[SourceTitle "EXT 2009"]
[Source "ChessBase"]
[SourceDate "2008.11.26"]
[SourceVersion "1"]
[SourceVersionDate "2008.11.26"]
[SourceQuality "1"]
[WhiteTeam "Rostock PSV III"]
[BlackTeam "Guestrow/Teterow"]
[WhiteTeamCountry "GER"]
[BlackTeamCountry "GER"]

1. Nf3 d5 2. d4 e6 3. e3 c5 4. c3 Nc6 5. Bd3 Nf6 6. Nbd2 Be7 7. 0-0 0-0 8. Qe2 a6 9. dxc5 Bxc5 10. e4 d4 11. e5 Nd5 12. Ne4 Qb6 13. Nxc5 Qxc5 14. Qe4 f5 15. Qh4 dxc3 16. Bc4 cxb2 17. Bxb2 Qe7 18. Bxd5 exd5 19. Qxe7 Nxe7 20. Ba3 Re8 21. Rfd1 Be6 22. Rab1 b5 23. Nd4 Ng6 24. Bd6 Kf7 25. g3 Rac8 26. Rbc1 Rc4 27. Rxc4 dxc4 28. Nxe6 Rxe6 29. f4 Ke8 30. Rd5 Ne7 31. Rc5 h6 32. Rc7 g5 33. Ra7 gxf4 34. gxf4 Nd5 35. Rxa6 Nxf4 36. Rb6 Ne2+ 37. Kf2 Nc3 38. a3 Ne4+ 39. Kf3 Nxd6 40. exd6 Re5 41. Kf4 Rc5 42. Rb7 c3 43. Re7+ Kd8 44. Re1 c2 45. Rc1 Kd7 46. Ke3 Kxd6 47. Kd2 f4 48. Kd3 Kd5 0-1